Statistiche per Bandiere nazionali

Clicka qui per fare il quiz!

Statistiche generali

  • Questo quiz è stato fatto 2.052 volte
  • Il punteggio medio è 19 su 20

Statistiche sulle risposte

Risposta% Corretto
Stati Uniti
100%
Francia
99%
Italia
99%
Canada
99%
Australia
98%
Cina
98%
Brasile
98%
Giappone
97%
Irlanda
97%
Regno Unito
97%
Grecia
97%
Svezia
95%
Israele
95%
Messico
95%
Norvegia
95%
Russia
95%
Paesi Bassi
92%
Giamaica
88%
Sudafrica
88%
Iran
86%

Distribuzione punteggi

Percentile per numero di risposta

Percentuale di utenti per punteggio

I tuoi punteggi nel tempo

Non hai fatto questo quiz